000 00609nam a2200229Ia 4500
003 GCL
008 140319s9999 xx 000 0 ara d
040 _aGCL /
_cGCL
082 0 4 _a904
_bا ا
100 1 _aاوديت نحاس
245 1 0 _aاكبر كوارث القرن العشرين /
_cاوديت نحاس
260 _a[S.N] :
_bجروس برس ،
_c1993
300 _a188 ص
490 _a
650 0 4 _aالزلازل
650 0 4 _aالحوادث
650 0 4 _aالبراكين
650 0 4 _aالعواصف
650 0 4 _aالكوارث
650 0 4 _aالفيضانات
942 _2ddc
_cBK
999 _c30123
_d30123